Представление документа в формате RUSMARC

ПолеНазваниеЗначение
  Тип записи a
  Библиографический уровень c
001 Контрольный номер RU/SLIB/B/208773506
005 Дата корректировки 20231204165603.0
010 Индекс ISBN __
d Цена 0-45; 20-00
101 Язык документа 0_
a Язык текста rus
c Язык оригинала rus
200 Заглавие и сведения об ответственности 1_
a Заглавие Макар Чудра и другие рассказы
e Сведения, относящиеся к заглавию [сборник]
f Первые сведения об ответственности М. Горький ; [сост., вступ. очерк и пояснит. ст. Е. Б. Тагера]
b Общее обозначение материала Текст
210 Выходные данные 1_
a Место издания М.
c Издательство Дет. лит.
d Дата издания 1977
215 Физическое описание __
a Объем 192 с.
c Иллюстрации/тип воспроизводства ил.
225 Серия 2_
a Серия Школьная библиотека
327 Примечание о содержании 0_
a Примечание о содержании Старуха Изергиль
327 Примечание о содержании 0_
a Примечание о содержании Челкаш
327 Примечание о содержании 0_
a Примечание о содержании Коновалов
327 Примечание о содержании 0_
a Примечание о содержании Мальва
327 Примечание о содержании 0_
a Примечание о содержании Легенда о Марко
327 Примечание о содержании 0_
a Примечание о содержании Песня о Соколе
327 Примечание о содержании 0_
a Примечание о содержании Песня о Буревеснике
606 Тематические рубрики __
a Основная рубрика Художественная литература
z Хронологическая подрубрика 20 в.
y Географическая подрубрика Россия
606 Тематические рубрики __
a Основная рубрика Русская литература XX в. (произведения)
610 Ключевые слова 0_
a Ключевые слова прозаики; рассказы; детская литература
686 Индексы других классификаций __
a Классификационный индекс 84(2Рос=Рус)6-4 ; ст84(2Рос=Рус)6-4
700 Автор _1
a Фамилия Горький
b Имя М.
c Титул (звания) Пешков А. М.
g Полное личное имя Максим
4 Код отношения 070
702 Вторичная интеллектуальная ответственность _1
a Фамилия Тагер
b Имя Е. Б.
4 Код отношения Составитель
4 Код отношения 220
4 Код отношения 080
801 Источник записи _0
a Страна RU
b Организация Муниципальное бюджетное учреждение культуры "Централизованная библиотечная система" г. Сургут (Центральная городская библиотека им. А. С. Пушкина)
g Правила каталогизации КиК/Уланова
801 Источник записи _1
a Страна RU
b Организация Муниципальное бюджетное учреждение культуры "Централизованная библиотечная система" г. Сургут (Центральная городская библиотека им. А. С. Пушкина)
g Правила каталогизации КиК/Уланова
852 Данные о местонахождении __
j Шифр хранения 84(2Рос=Рус)6-4
c Каталожный индекс 84(2Рос=Рус)6-4
i Авторский знак Г 71
p Инвентарный номер 76003(с)
901 Тип документа 1_
t Тип документа x
903 Характеристики (МАРС) __
a Дата передачи 20050811
969 Тип издания __
a Тип издания сборник
990 Данные о заказе (DOS) 00
j Количество экземпляров (DOS) 1; 1
t N записи в КСУ для И/У (DOS) 200507; 199101